[Event "SR 2. liga A 2010/2011"]
[Site "?"]
[Date "2011.02.06"]
[Round "40.6"]
[White "Magyar, Frantisek"]
[Black "Hefka, Vladimir"]
[Result "0-1"]
[WhiteElo "2079"]
[BlackElo "1991"]
[PlyCount "62"]
[EventDate "2010.??.??"]
[WhiteTeam "Slovakia"]
[BlackTeam "Slovakia"]
[WhiteTeamCountry "SVK"]
[BlackTeamCountry "SVK"]

1. d4 Nf6 2. c4 g6 3. Nc3 Bg7 4. e4 d6 5. Nf3 O-O 6. Be2 e5 7. O-O Nc6 8. d5
Ne7 9. b4 Ne8 10. a4 f5 11. Nd2 Nf6 12. f3 f4 13. Ba3 h5 14. c5 g5 15. Nc4 Ng6
16. cxd6 cxd6 17. b5 Ne8 18. Bb4 Rf7 19. Qb3 Bf8 20. a5 g4 21. b6 Qh4 22. fxg4
hxg4 23. Nb5 g3 24. hxg3 fxg3 25. Qxg3 Rxf1+ 26. Rxf1 Qxg3 27. Bf3 Nf4 28. bxa7
Bd7 29. Nb6 Bxb5 30. Nxa8 Bxf1 31. Kxf1 Nd3 0-1

[Event "SR 2. liga A 2010/2011"]
[Site "?"]
[Date "2011.02.06"]
[Round "40.7"]
[White "Kuna, Vladimir"]
[Black "Farkas, Vladimir"]
[Result "0-1"]
[WhiteElo "2051"]
[BlackElo "1946"]
[PlyCount "102"]
[EventDate "2010.??.??"]
[WhiteTeam "Slovakia"]
[BlackTeam "Slovakia"]
[WhiteTeamCountry "SVK"]
[BlackTeamCountry "SVK"]

1. d4 Nf6 2. Nf3 d6 3. c4 g6 4. Nc3 Bg7 5. Bg5 h6 6. Bxf6 Bxf6 7. Qc2 e6 8. e3
O-O 9. Bd3 Nd7 10. g4 e5 11. O-O-O exd4 12. exd4 Bg7 13. Rhg1 a6 14. Kb1 b5 15.
g5 h5 16. cxb5 axb5 17. Qb3 Nb6 18. Be4 d5 19. Bd3 Bg4 20. Be2 Nc4 21. h3 Bxh3
22. Nh4 b4 23. Ne4 Be6 24. Nc5 Na5 25. Qc2 Qd6 26. b3 Qf4 27. Nxe6 Qxh4 28.
Nxg7 Kxg7 29. Rg3 Rfe8 30. Bf3 Re6 31. Qd2 Rae8 32. Rh1 Qxh1+ 33. Bxh1 Re1+ 34.
Kc2 R1e2 35. Re3 Rxd2+ 36. Kxd2 Kf8 37. Rf3 Re4 38. Rd3 Rg4 39. Rg3 Rxd4+ 40.
Ke3 Rd1 41. Bg2 Re1+ 42. Kd4 Rc1 43. Rf3 Nb7 44. Bh3 Rd1+ 45. Ke5 Re1+ 46. Kd4
Re4+ 47. Kd3 Ke7 48. Rf6 Nc5+ 49. Kd2 Ne6 50. f4 Rxf4 51. Bxe6 Rxf6 0-1

[Event "SR 2. liga A 2010/2011"]
[Site "?"]
[Date "2011.02.06"]
[Round "40.8"]
[White "Goga, Frantisek"]
[Black "Janecek, Jan"]
[Result "1/2-1/2"]
[WhiteElo "1912"]
[BlackElo "1963"]
[PlyCount "109"]
[EventDate "2010.??.??"]
[WhiteTeam "Slovakia"]
[BlackTeam "Slovakia"]
[WhiteTeamCountry "SVK"]
[BlackTeamCountry "SVK"]

1. e4 e5 2. Nf3 d6 3. d4 Nc6 4. d5 Nb8 5. Bb5+ Bd7 6. Bd3 Be7 7. h3 Nf6 8. Be3
O-O 9. c4 b6 10. a3 a5 11. Nc3 Kh8 12. b4 Bc8 13. O-O Nbd7 14. Qc2 Bb7 15. Na4
axb4 16. axb4 Ng8 17. c5 bxc5 18. bxc5 Ba6 19. c6 Bxd3 20. Qxd3 Ndf6 21. Nc3
Ne8 22. Rxa8 Qxa8 23. Rb1 Qc8 24. Ba7 f5 25. Rb8 fxe4 26. Qxe4 Qa6 27. Qa4 Qxa4
28. Nxa4 Nef6 29. Nc3 Rxb8 30. Bxb8 Ne8 31. Nd2 Ngf6 32. Nde4 Nxe4 33. Nxe4 Kg8
34. Kf1 Kf7 35. Ke2 h6 36. Kd3 Bd8 37. Kc4 Nf6 38. Nxf6 gxf6 39. Kb5 f5 40. g4
f4 41. Ka6 e4 42. Ba7 Bh4 43. Kb7 Bxf2 44. Kxc7 Bxa7 45. Kb7 e3 46. c7 e2 47.
c8=Q e1=Q 48. Qf5+ Ke8 49. Kxa7 Qa5+ 50. Kb7 Qb5+ 51. Kc7 Qc5+ 52. Kb7 Qb5+ 53.
Kc7 Qc5+ 54. Kb7 Qb5+ 55. Kc7 1/2-1/2

[Event "SR 2. liga A 2010/2011"]
[Site "?"]
[Date "2011.02.06"]
[Round "41.1"]
[White "Seitler, Andrej"]
[Black "Pagerka, Martin"]
[Result "1/2-1/2"]
[WhiteElo "2233"]
[BlackElo "2263"]
[PlyCount "56"]
[EventDate "2010.??.??"]
[WhiteTeam "Piestany"]
[BlackTeam "Osuske II"]
[WhiteTeamCountry "SVK"]
[BlackTeamCountry "SVK"]

1. d4 Nf6 2. Nf3 e6 3. Bg5 c5 4. c3 Nc6 5. e3 h6 6. Bh4 d5 7. Bb5 Qb6 8. Qb3
Nd7 9. Nbd2 Bd6 10. Bg3 Be7 11. O-O O-O 12. Bxc6 bxc6 13. e4 Ba6 14. Rfe1 Bd3
15. c4 dxe4 16. Nxe4 Bxe4 17. Rxe4 cxd4 18. Rxd4 Nc5 19. Qc2 Bf6 20. Rd2 Rfd8
21. Be5 Rxd2 22. Qxd2 Rd8 23. Qe2 Qb4 24. b3 a5 25. Rd1 Rxd1+ 26. Qxd1 a4 27.
Bxf6 gxf6 28. Nd4 axb3 1/2-1/2

[Event "SR 2. liga A 2010/2011"]
[Site "?"]
[Date "2011.02.06"]
[Round "41.2"]
[White "Bury, Rastislav"]
[Black "Kundrik, Peter"]
[Result "1/2-1/2"]
[WhiteElo "2187"]
[BlackElo "2226"]
[PlyCount "26"]
[EventDate "2010.??.??"]
[WhiteTeam "Osuske II"]
[BlackTeam "Piestany"]
[WhiteTeamCountry "SVK"]
[BlackTeamCountry "SVK"]

1. d4 Nf6 2. Nf3 g6 3. c4 Bg7 4. Nc3 d6 5. e4 O-O 6. Be2 e5 7. dxe5 dxe5 8.
Qxd8 Rxd8 9. Bg5 Re8 10. Nd5 Nxd5 11. cxd5 c6 12. Bc4 b5 13. Bb3 a5 1/2-1/2

[Event "SR 2. liga A 2010/2011"]
[Site "?"]
[Date "2011.02.06"]
[Round "41.4"]
[White "Pericka, Tomas"]
[Black "Matulik, Daniel"]
[Result "1/2-1/2"]
[WhiteElo "1966"]
[BlackElo "2148"]
[PlyCount "56"]
[EventDate "2010.??.??"]
[WhiteTeam "Osuske II"]
[BlackTeam "Piestany"]
[WhiteTeamCountry "SVK"]
[BlackTeamCountry "SVK"]

1. e4 Nf6 2. e5 Nd5 3. d4 d6 4. c4 Nb6 5. f4 dxe5 6. fxe5 c5 7. d5 e6 8. Nc3 g6
9. Nf3 exd5 10. cxd5 Bg4 11. Bb5+ Bd7 12. Ne4 Be7 13. Bxd7+ Qxd7 14. d6 Qc6 15.
Qe2 Bd8 16. O-O N8d7 17. Nf6+ Bxf6 18. exf6+ Kd8 19. Ng5 Rf8 20. Re1 Qxd6 21.
Nxf7+ Rxf7 22. Qe8+ Kc7 23. Qxf7 Rf8 24. Qxh7 Qxf6 25. Be3 Rh8 26. Bf4+ Kc8 27.
Qe7 Qxf4 28. h3 Qd4+ 1/2-1/2

[Event "SR 2. liga A 2010/2011"]
[Site "?"]
[Date "2011.02.06"]
[Round "41.5"]
[White "Mihalik, Marek"]
[Black "Jozefek, Michal"]
[Result "0-1"]
[WhiteElo "2080"]
[BlackElo "1899"]
[PlyCount "74"]
[EventDate "2010.??.??"]
[WhiteTeam "Piestany"]
[BlackTeam "Osuske II"]
[WhiteTeamCountry "SVK"]
[BlackTeamCountry "SVK"]

1. d4 Nf6 2. c4 e6 3. Nf3 b6 4. Nc3 Bb4 5. Bg5 h6 6. Bh4 O-O 7. e3 Bb7 8. a3
Bxc3+ 9. bxc3 d6 10. Bd3 Nbd7 11. Bb1 c5 12. O-O Qc7 13. Nd2 e5 14. d5 b5 15.
cxb5 Bxd5 16. c4 Be6 17. Qc2 g6 18. f4 exf4 19. Bxf6 Nxf6 20. Rxf4 Ng4 21. Nf1
Qa5 22. a4 Nxe3 23. Nxe3 Qe1+ 24. Nf1 Qe5 25. Rf3 Qxa1 26. Nd2 Bf5 27. Rxf5
gxf5 28. Nf3 Qf6 29. Qd3 Rfe8 30. Qd5 Rab8 31. Bxf5 Re2 32. h3 Qa1+ 33. Kh2 Qb2
34. Qxd6 Rxg2+ 35. Kh1 Re8 36. Qf4 Rg7 37. Bg4 h5 0-1

[Event "SR 2. liga A 2010/2011"]
[Site "?"]
[Date "2011.02.06"]
[Round "41.6"]
[White "Diviak, Rastislav"]
[Black "Stepanovic, Branislav"]
[Result "1-0"]
[WhiteElo "2014"]
[BlackElo "2011"]
[PlyCount "79"]
[EventDate "2010.??.??"]
[WhiteTeam "Osuske II"]
[BlackTeam "Piestany"]
[WhiteTeamCountry "SVK"]
[BlackTeamCountry "SVK"]

1. e4 c5 2. Nf3 Nc6 3. d4 cxd4 4. Nxd4 Nf6 5. Nc3 d6 6. Be2 e6 7. Be3 Be7 8.
O-O O-O 9. f4 a6 10. Bf3 Qc7 11. Qe1 Nxd4 12. Bxd4 e5 13. Be3 exf4 14. Bxf4
Qb6+ 15. Be3 Qxb2 16. Qd2 Qa3 17. Rab1 Re8 18. Bb6 Be6 19. Bd4 Rab8 20. Qg5 h6
21. Qg3 Kh7 22. Nd5 Bxd5 23. exd5 Kh8 24. Qh4 Ng8 25. Qh5 Bf6 26. Bxf6 Nxf6 27.
Qxf7 Qe3+ 28. Kh1 Re7 29. Qg6 b5 30. a4 Rbe8 31. axb5 axb5 32. Rxb5 Qf2 33.
Rbb1 Qd2 34. Rbd1 Qe3 35. h3 Re5 36. Rd3 Qc5 37. Rb3 Rc8 38. Rb7 Rg5 39. Qf7
Qxc2 40. Rfb1 $138 1-0

[Event "SR 2. liga A 2010/2011"]
[Site "?"]
[Date "2011.02.06"]
[Round "41.7"]
[White "Manak, Jozef"]
[Black "Hanzluvka, Peter"]
[Result "1-0"]
[WhiteElo "2032"]
[BlackElo "1961"]
[PlyCount "73"]
[EventDate "2010.??.??"]
[WhiteTeam "Piestany"]
[BlackTeam "Osuske II"]
[WhiteTeamCountry "SVK"]
[BlackTeamCountry "SVK"]

1. e4 c5 2. Nf3 d6 3. d4 cxd4 4. Nxd4 Nf6 5. Bd3 e6 6. O-O Be7 7. c4 Nbd7 8.
Re1 O-O 9. Nc3 a6 10. Bf1 Qc7 11. Qc2 Ne5 12. b3 Bd7 13. Bb2 Rac8 14. Qd2 Nc6
15. Nc2 Rfd8 16. Ne3 Ne5 17. f3 Nh5 18. Ncd5 exd5 19. Nxd5 Qc5+ 20. Bd4 Bg5 21.
f4 Qc6 22. fxg5 Re8 23. Be2 g6 24. Bxh5 gxh5 25. Nf6+ Kg7 26. Nxe8+ Rxe8 27.
Rad1 Bg4 28. Rc1 Kg6 29. h3 Be6 30. Qf4 Nd7 31. Rf1 Rf8 32. Bf6 Qc5+ 33. Kh1 a5
34. Rcd1 h6 35. Rd5 Qc6 36. gxh6 Kh7 37. Rg5 1-0

[Event "SR 2. liga A 2010/2011"]
[Site "?"]
[Date "2011.02.06"]
[Round "41.8"]
[White "Nemeckayova, Monika"]
[Black "Manak, Adrian"]
[Result "0-1"]
[WhiteElo "1808"]
[BlackElo "1909"]
[PlyCount "56"]
[EventDate "2010.??.??"]
[WhiteTeam "Osuske II"]
[BlackTeam "Piestany"]
[WhiteTeamCountry "SVK"]
[BlackTeamCountry "SVK"]

1. d4 d5 2. c4 c6 3. e3 Nf6 4. Nf3 Bf5 5. Nc3 e6 6. Nh4 Bd6 7. Nxf5 exf5 8. Bd3
g6 9. Qf3 O-O 10. Bd2 Bc7 11. Rc1 Re8 12. O-O Qd6 13. Qg3 Qe7 14. Qg5 Bxh2+ 15.
Kh1 Bd6 16. Ne2 Nbd7 17. Nf4 dxc4 18. Bxf5 h6 19. Qg3 Nh5 20. Qh3 Nxf4 21. exf4
gxf5 22. g4 fxg4 23. Qxg4+ Kh7 24. Qf5+ Kh8 25. Qh5 Qe4+ 26. f3 Qg6 27. Qh4 Be7
28. Qh3 Nf6 0-1

[Event "SR 2. liga A 2010/2011"]
[Site "?"]
[Date "2011.02.06"]
[Round "42.1"]
[White "Likavsky, Tomas"]
[Black "Petenyi, Tamas"]
[Result "1/2-1/2"]
[WhiteElo "2459"]
[BlackElo "2378"]
[PlyCount "68"]
[EventDate "2010.??.??"]
[WhiteTeam "Slovakia"]
[BlackTeam "Slovakia"]
[WhiteTeamCountry "SVK"]
[BlackTeamCountry "SVK"]

1. d4 d5 2. c4 c6 3. Nf3 Nf6 4. e3 Bg4 5. Nc3 e6 6. h3 Bxf3 7. Qxf3 Nbd7 8. Bd3
Bb4 9. Bd2 O-O 10. O-O Re8 11. Qd1 Bd6 12. c5 Bc7 13. f4 Kh8 14. b4 b5 15. a4
a6 16. Ra2 Rg8 17. Qf3 a5 18. axb5 axb4 19. Rfa1 Rb8 20. Ne2 b3 21. Rb2 cxb5
22. Rxb3 Ne4 23. Be1 Ra8 24. Rbb1 f5 25. Bxb5 Ndf6 26. Bd3 Rxa1 27. Rxa1 Qb8
28. Bh4 Qb3 29. Bxf6 Qxd3 30. Be5 Bxe5 31. fxe5 Nd2 32. Qf2 Ne4 33. Qf3 Nd2 34.
Qf2 Ne4 1/2-1/2

[Event "SR 2. liga A 2010/2011"]
[Site "?"]
[Date "2011.02.06"]
[Round "42.2"]
[White "Rachela, Jozef"]
[Black "Doucha, Ludvik"]
[Result "1-0"]
[WhiteElo "2072"]
[BlackElo "2099"]
[PlyCount "85"]
[EventDate "2010.??.??"]
[WhiteTeam "Slovakia"]
[BlackTeam "Slovakia"]
[WhiteTeamCountry "SVK"]
[BlackTeamCountry "SVK"]

1. e4 e5 2. Nf3 d6 3. Bc4 c5 4. c3 Nc6 5. O-O Be7 6. d4 Qc7 7. d5 Nb8 8. a4 Nf6
9. Qe2 O-O 10. Na3 a6 11. b4 b6 12. Bb3 Nbd7 13. Bd2 Ne8 14. Rfd1 Qd8 15. Nc4
g6 16. Bh6 Ng7 17. Rd2 f5 18. exf5 gxf5 19. Ncxe5 Nxe5 20. Nxe5 Bf6 21. Nc6 Qc7
22. Rc1 Re8 23. Qf3 Qf7 24. Bf4 Bd7 25. Ba2 Be7 26. Nxe7+ Qxe7 27. h3 Bxa4 28.
Qg3 Rad8 29. Bg5 Qd7 30. Bxd8 Qxd8 31. bxc5 bxc5 32. Bc4 Bb5 33. Bxb5 axb5 34.
Ra1 Qf6 35. Ra6 f4 36. Qf3 Re1+ 37. Kh2 Qe5 38. Rda2 h5 39. Ra8+ Kh7 40. Rf8
Re4 41. Ra7 Re3 42. fxe3 fxe3+ 43. Qg3 1-0

[Event "SR 2. liga A 2010/2011"]
[Site "?"]
[Date "2011.02.06"]
[Round "42.3"]
[White "Arendas, Marek"]
[Black "Bebiak, Jozef"]
[Result "1-0"]
[WhiteElo "2089"]
[BlackElo "2106"]
[PlyCount "67"]
[EventDate "2010.??.??"]
[WhiteTeam "Slovakia"]
[BlackTeam "Slovakia"]
[WhiteTeamCountry "SVK"]
[BlackTeamCountry "SVK"]

1. e4 c5 2. Nf3 a6 3. d4 cxd4 4. Nxd4 Nf6 5. Bd3 e5 6. Nb3 Bb4+ 7. Bd2 Bxd2+ 8.
Qxd2 d5 9. Nc3 d4 10. Ne2 O-O 11. f4 Re8 12. O-O Nc6 13. h3 exf4 14. Qxf4 Be6
15. Rad1 Bxb3 16. axb3 Qe7 17. Ng3 Qe5 18. Qh4 Ne7 19. Nf5 Ng6 20. Qf2 Rad8 21.
Rde1 b5 22. Qd2 Qc7 23. Qg5 Re5 24. Qg3 Qb6 25. Qf2 Qc5 26. Nxg7 Rd6 27. Nf5
Rde6 28. Nxd4 Re7 29. b4 Qa7 30. Nc6 Qxf2+ 31. Rxf2 Rxe4 32. Nxe7+ Rxe7 33.
Rxe7 Nxe7 34. Rxf6 1-0

[Event "SR 2. liga A 2010/2011"]
[Site "?"]
[Date "2011.02.06"]
[Round "42.4"]
[White "Lesny, Stefan"]
[Black "Liptak, Dusan"]
[Result "1/2-1/2"]
[WhiteElo "2100"]
[BlackElo "2086"]
[PlyCount "97"]
[EventDate "2010.??.??"]
[WhiteTeam "Slovakia"]
[BlackTeam "Slovakia"]
[WhiteTeamCountry "SVK"]
[BlackTeamCountry "SVK"]

1. e4 e6 2. d4 d5 3. e5 c5 4. c3 Qb6 5. Nf3 Nc6 6. Bd3 Bd7 7. Bc2 f6 8. exf6
gxf6 9. dxc5 Bxc5 10. Qe2 O-O-O 11. Nbd2 Nge7 12. Nb3 Bd6 13. Be3 Qc7 14. O-O-O
e5 15. Nh4 Rhg8 16. h3 Kb8 17. g3 e4 18. Ng2 Be6 19. Nf4 Bf7 20. Nd4 Qc8 21.
Kb1 Ng6 22. Nxc6+ bxc6 23. Nxg6 hxg6 24. Bd4 f5 25. Bb3 Rd7 26. Bf6 Bc5 27. Bd4
Bb6 28. Bxb6 axb6 29. Qe3 c5 30. Rd2 Rgd8 31. Rhd1 Qc7 32. Qg5 Kb7 33. h4 Rd6
34. Ba4 Ka6 35. a3 b5 36. Bb3 d4 37. Bxf7 Qxf7 38. cxd4 cxd4 39. Rc1 Qe6 40.
Rc6+ Rxc6 41. Qxd8 d3 42. Qa8+ Kb6 43. Qb8+ Kc5 44. Rd1 Rb6 45. Rc1+ Kd5 46.
Qc7 Qd6 47. Qf7+ Qe6 48. Qc7 Qd6 49. Qf7+ 1/2-1/2

[Event "SR 2. liga A 2010/2011"]
[Site "?"]
[Date "2011.02.06"]
[Round "42.5"]
[White "Hertel, Ondrej"]
[Black "Merva, Frantisek"]
[Result "0-1"]
[WhiteElo "2072"]
[BlackElo "2038"]
[PlyCount "172"]
[EventDate "2010.??.??"]
[WhiteTeam "Slovakia"]
[BlackTeam "Slovakia"]
[WhiteTeamCountry "SVK"]
[BlackTeamCountry "SVK"]

1. d4 Nf6 2. Nf3 g6 3. c4 d5 4. cxd5 Nxd5 5. Nc3 Bg7 6. e4 Nxc3 7. bxc3 c5 8.
Qa4+ Bd7 9. Qa3 O-O 10. Qxc5 Nc6 11. Be2 Rc8 12. Qa3 b5 13. O-O b4 14. cxb4
Nxd4 15. Nxd4 Bxd4 16. Bb2 Bxb2 17. Qxb2 Ba4 18. Rac1 Qd7 19. Rc5 Rxc5 20. bxc5
Qc7 21. Rc1 Rd8 22. g3 Bc6 23. Bf3 Qa5 24. Qc3 Qxa2 25. Ra1 Qe6 26. Rxa7 Bxe4
27. Qe3 Bxf3 28. Qxf3 Qe1+ 29. Kg2 Rd1 30. Kh3 Qf1+ 31. Kh4 Rd4+ 32. g4 Rd3 33.
Ra1 Rxf3 34. Rxf1 Rc3 35. f3 Rxc5 36. Rb1 Kg7 37. Rb6 Rc1 38. Kg3 Rc4 39. Ra6
Rd4 40. Rb6 Rd6 41. Rb5 Rd7 42. Ra5 f6 43. Rb5 e5 44. Ra5 Kf7 45. g5 Re7 46.
gxf6 Kxf6 47. Ra6+ Kf5 48. Ra8 Rf7 49. h4 h5 50. Ra5 Rb7 51. Rc5 Rb1 52. Ra5
Rb3 53. Rc5 Rd3 54. Ra5 Rd6 55. Rb5 Kf6 56. Rc5 Rd3 57. Kg2 Ke6 58. Rb5 Rd5 59.
Rb4 Rd4 60. Rb6+ Kf5 61. Kg3 g5 62. hxg5 Kxg5 63. Rb5 Kf5 64. Ra5 h4+ 65. Kh3
Rd3 66. Kg2 Kf4 67. Ra4+ Rd4 68. Ra3 Rd2+ 69. Kh3 Rf2 70. Ra8 Rxf3+ 71. Kxh4 e4
72. Rf8+ Ke3 73. Re8 Rf7 74. Kg3 Rg7+ 75. Kh2 Kf3 76. Rf8+ Ke2 77. Re8 e3 78.
Kh3 Kf2 79. Rf8+ Ke1 80. Re8 e2 81. Kh2 Rg5 82. Kh3 Kf2 83. Rf8+ Ke3 84. Re8+
Kf3 85. Rf8+ Ke4 86. Re8+ Re5 0-1

[Event "SR 2. liga A 2010/2011"]
[Site "?"]
[Date "2011.02.06"]
[Round "42.6"]
[White "Obdrzalkova, Anita"]
[Black "Sturdik, Igor"]
[Result "0-1"]
[WhiteElo "2014"]
[BlackElo "2071"]
[PlyCount "98"]
[EventDate "2010.??.??"]
[WhiteTeam "Slovakia"]
[BlackTeam "Slovakia"]
[WhiteTeamCountry "SVK"]
[BlackTeamCountry "SVK"]

1. d4 Nf6 2. Nf3 e6 3. c4 c5 4. d5 exd5 5. cxd5 d6 6. Nc3 g6 7. e4 Bg7 8. Be2
O-O 9. O-O Re8 10. Nd2 Na6 11. f3 Nc7 12. a4 b6 13. Nc4 Ba6 14. Bf4 Nh5 15. Be3
f5 16. Qd2 Nf6 17. Bg5 Qd7 18. exf5 Qxf5 19. Nxd6 Rxe2 20. Nxe2 Qe5 21. Bxf6
Qxf6 22. Ne4 Qxb2 23. Ra2 Qxd2 24. Rxd2 Nxd5 25. Rfd1 Bxe2 26. Rxe2 Bd4+ 27.
Kh1 h6 28. Nd6 Nc3 29. Rxd4 cxd4 30. Rd2 Nxa4 31. Rxd4 Nc5 32. h4 Rd8 33. Kh2
Nb7 34. Nb5 Rxd4 35. Nxd4 Nd6 36. g4 a5 37. Kg3 b5 38. Kf4 b4 39. Ke5 Nc4+ 40.
Kd5 Nd2 41. Kc5 b3 42. Nb5 b2 43. Na3 b1=Q 44. Nxb1 Nxb1 45. Kb5 Nd2 46. f4 Nf3
47. h5 gxh5 48. gxh5 Kf7 49. Kxa5 Kf6 0-1

[Event "SR 2. liga A 2010/2011"]
[Site "?"]
[Date "2011.02.06"]
[Round "42.7"]
[White "Puchart, Vladimir"]
[Black "Ujhelyi, Matus"]
[Result "1-0"]
[WhiteElo "2064"]
[BlackElo "2006"]
[PlyCount "63"]
[EventDate "2010.??.??"]
[WhiteTeam "Slovakia"]
[BlackTeam "Slovakia"]
[WhiteTeamCountry "SVK"]
[BlackTeamCountry "SVK"]

1. d4 Nf6 2. c4 g6 3. Nc3 Bg7 4. e4 d6 5. f3 O-O 6. Be3 e5 7. Nge2 c6 8. Qd2
Nbd7 9. O-O-O a6 10. h4 b5 11. h5 bxc4 12. Bh6 Nxh5 13. g4 Nhf6 14. Bxg7 Kxg7
15. Qh6+ Kh8 16. Ng3 Rg8 17. Bxc4 Rg7 18. Qd2 Rb8 19. Bb3 Qb6 20. dxe5 dxe5 21.
Na4 Qa7 22. Nf1 Nc5 23. Nxc5 Qxc5+ 24. Kb1 Be6 25. Bxe6 fxe6 26. Rc1 Qb5 27.
Rh2 Rgb7 28. Qc3 Rb6 29. Rd2 a5 30. Ne3 Rc8 31. Nc4 Rb7 32. Nd6 1-0

[Event "SR 2. liga A 2010/2011"]
[Site "?"]
[Date "2011.02.06"]
[Round "42.8"]
[White "Takacs, Laszlo"]
[Black "Mosny, Jaroslav"]
[Result "1-0"]
[WhiteElo "1921"]
[BlackElo "1982"]
[PlyCount "107"]
[EventDate "2010.??.??"]
[WhiteTeam "Slovakia"]
[BlackTeam "Slovakia"]
[WhiteTeamCountry "SVK"]
[BlackTeamCountry "SVK"]

1. e4 e5 2. Nf3 d6 3. d4 exd4 4. Nxd4 g6 5. c4 Bg7 6. Be2 Nc6 7. Nxc6 bxc6 8.
Bf3 Ne7 9. O-O O-O 10. Nc3 Rb8 11. Qc2 f5 12. Bg5 h6 13. Bxe7 Qxe7 14. Rfe1 Qf7
15. b3 Be5 16. Rac1 f4 17. Na4 g5 18. Qe2 c5 19. Rc2 Qg7 20. h3 Be6 21. Rb1 Qd7
22. Nb2 Qg7 23. Nd3 Rb6 24. Rd1 Rfb8 25. Bg4 Bf7 26. Nxe5 Qxe5 27. Rcd2 Re8 28.
Bf5 Kg7 29. h4 Qf6 30. Qg4 Re5 31. f3 Rb8 32. Kf2 h5 33. Qxg5+ Qxg5 34. hxg5
Rbe8 35. Rh1 Bg6 36. Bd7 R8e7 37. Bc6 Rxg5 38. Rh4 Rf7 39. Rd5 Rxd5 40. cxd5
Rf8 41. Ke2 Kh6 42. Kd3 Kg5 43. Rh1 Rb8 44. Kc3 Kf6 45. a3 a5 46. Ra1 Ke5 47.
b4 axb4+ 48. axb4 cxb4+ 49. Kb3 h4 50. Bd7 Bf7 51. Ra7 c5 52. Ba4 Bg8 53. Kc4
Rd8 54. Rg7 1-0

[Event "SR 2. liga A 2010/2011"]
[Site "?"]
[Date "2011.03.05"]
[Round "43.1"]
[White "Bezuch, Martin"]
[Black "Doucha, Ludvik"]
[Result "1-0"]
[WhiteElo "2198"]
[BlackElo "2099"]
[PlyCount "81"]
[EventDate "2010.??.??"]
[WhiteTeam "Slovakia"]
[BlackTeam "Slovakia"]
[WhiteTeamCountry "SVK"]
[BlackTeamCountry "SVK"]

1. g3 Nf6 2. Bg2 e6 3. d3 c5 4. Nd2 Be7 5. e4 d6 6. f4 O-O 7. Ngf3 Nc6 8. c3
Qc7 9. O-O b6 10. Re1 Bb7 11. h3 Rfd8 12. g4 Rac8 13. Nf1 d5 14. e5 Nd7 15. Ng3
d4 16. c4 Bf8 17. Ne4 a6 18. g5 b5 19. b3 Rb8 20. Nh2 Ne7 21. Ng4 Nf5 22. Kh2
Bc6 23. Rg1 Kh8 24. Bh1 bxc4 25. bxc4 Rb4 26. h4 Rdb8 27. h5 Ba4 28. Qe2 Rb1
29. Rxb1 Rxb1 30. g6 fxg6 31. Ng5 Qb6 32. hxg6 h6 33. Nf7+ Kg8 34. Be4 Be7 35.
Bxf5 exf5 36. Ngxh6+ Kf8 37. Qh5 Rxc1 38. Nxf5 Nf6 39. exf6 Rc2+ 40. Kh3 Ke8
41. Re1 1-0

[Event "SR 2. liga A 2010/2011"]
[Site "?"]
[Date "2011.03.05"]
[Round "43.2"]
[White "Arendas, Marek"]
[Black "Machalova, Maria"]
[Result "1/2-1/2"]
[WhiteElo "2089"]
[BlackElo "2190"]
[PlyCount "82"]
[EventDate "2010.??.??"]
[WhiteTeam "Slovakia"]
[BlackTeam "Slovakia"]
[WhiteTeamCountry "SVK"]
[BlackTeamCountry "SVK"]

1. e4 c5 2. Nf3 Nc6 3. d4 cxd4 4. Nxd4 g6 5. Be3 Bg7 6. Nc3 Nf6 7. Bc4 O-O 8.
O-O d6 9. h3 Bd7 10. Qd2 Nxd4 11. Bxd4 Bc6 12. Rad1 e5 13. Be3 Nxe4 14. Nxe4
Bxe4 15. f3 Bc6 16. Qxd6 Qh4 17. Qb4 Bf6 18. Qb3 a5 19. a4 Be7 20. Bb5 Qf6 21.
Bb6 Rfc8 22. c3 Bxb5 23. Qxb5 Qxb6+ 24. Qxb6 Bc5+ 25. Qxc5 Rxc5 26. Rd7 b5 27.
axb5 Rxb5 28. Rf2 Rab8 29. Ra7 Kg7 30. Rd2 R8b7 31. Ra6 h5 32. h4 Rxb2 33. Rxb2
Rxb2 34. Rxa5 Rc2 35. Rxe5 Rxc3 36. Re4 Rc2 37. Kh2 Rc1 38. Kg3 Rc2 39. Ra4 f6
40. Ra7+ Kh6 41. Ra6 Kg7 1/2-1/2

[Event "SR 2. liga A 2010/2011"]
[Site "?"]
[Date "2011.03.05"]
[Round "43.3"]
[White "Sosovicka, Juraj"]
[Black "Liptak, Dusan"]
[Result "1-0"]
[WhiteElo "2163"]
[BlackElo "2086"]
[PlyCount "41"]
[EventDate "2010.??.??"]
[WhiteTeam "Slovakia"]
[BlackTeam "Slovakia"]
[WhiteTeamCountry "SVK"]
[BlackTeamCountry "SVK"]

1. e4 e6 2. d4 d5 3. Nd2 c5 4. exd5 {Dxd5 Ngf3} Qxd5 5. Ngf3 cxd4 6. Bc4 Qd6 7.
O-O Nc6 8. Re1 Nf6 9. Nb3 a6 10. Nbxd4 Nxd4 11. Nxd4 Qc7 12. Bf1 Bd7 13. g3
O-O-O 14. Bf4 Bd6 15. Bxd6 Qxd6 16. Bg2 h5 17. Qf3 Qc7 18. Re3 Nd5 19. Rb3 f5
20. c4 Qxc4 21. Rc3 1-0

[Event "SR 2. liga A 2010/2011"]
[Site "?"]
[Date "2011.03.05"]
[Round "43.4"]
[White "Hertel, Ondrej"]
[Black "Oprea, Erik"]
[Result "1-0"]
[WhiteElo "2072"]
[BlackElo "2116"]
[PlyCount "137"]
[EventDate "2010.??.??"]
[WhiteTeam "Slovakia"]
[BlackTeam "Slovakia"]
[WhiteTeamCountry "SVK"]
[BlackTeamCountry "SVK"]

1. d4 d6 2. Nf3 c6 3. c4 Qc7 4. Bf4 Nd7 5. Nc3 e5 6. Be3 Ngf6 7. g3 Be7 8. Bg2
O-O 9. O-O Re8 10. Qc2 Nb6 11. b3 g6 12. Bc1 Bf8 13. Bb2 e4 14. Nd2 d5 15. e3
Bf5 16. a4 Qd7 17. Ba3 Bxa3 18. Rxa3 g5 19. Rc1 h5 20. a5 Nc8 21. b4 Ne7 22.
Na4 Ng6 23. Nc5 Qe7 24. Qb2 Kg7 25. b5 Rab8 26. Rb3 Qf8 27. bxc6 bxc6 28. Rb1
Rxb3 29. Qxb3 h4 30. Qb7 hxg3 31. fxg3 Ng4 32. Nf1 Qd6 33. cxd5 Qxd5 34. Qb3
Qd6 35. h3 Nf6 36. Rb2 Rh8 37. Rf2 Bxh3 38. Nxe4 Nxe4 39. Qxf7+ Kh6 40. Bxe4
Rh7 41. Qf6 Qxf6 42. Rxf6 Rg7 43. Rxc6 Kh5 44. Bxg6+ Rxg6 45. Rxg6 Kxg6 46. e4
Kf6 47. Ne3 Bc8 48. Kf2 Ke6 49. Nc4 Ba6 50. d5+ Kf6 51. Nd2 Ke5 52. Ke3 g4 53.
Nb3 Bf1 54. Nc5 Bg2 55. Nd3+ Kd6 56. Kd4 Bf3 57. e5+ Kd7 58. Kc5 Kc7 59. e6 a6
60. Ne5 Kd8 61. Kd6 Bd1 62. Nd7 Ba4 63. Nf6 Kc8 64. e7 Be8 65. Nxe8 Kb8 66. Nf6
Kb7 67. e8=Q Ka7 68. Qe7+ Ka8 69. Kc6 1-0

[Event "SR 2. liga A 2010/2011"]
[Site "?"]
[Date "2011.03.05"]
[Round "43.6"]
[White "Puchart, Vladimir"]
[Black "Hricak, Vasil"]
[Result "1-0"]
[WhiteElo "2064"]
[BlackElo "2051"]
[PlyCount "125"]
[EventDate "2010.??.??"]
[WhiteTeam "Slovakia"]
[BlackTeam "Slovakia"]
[WhiteTeamCountry "SVK"]
[BlackTeamCountry "SVK"]

1. d4 d5 2. c4 e5 3. dxe5 d4 4. Nf3 Nc6 5. g3 Be6 6. Nbd2 Nge7 7. Bg2 {Dd7 0-0}
Qd7 {Da4 Bxg2 Kxg2 Ng6} 8. O-O Bh3 9. Qa4 Bxg2 10. Kxg2 Ng6 11. Nb3 O-O-O 12.
Rd1 Qg4 13. Bg5 Be7 14. h3 Qe4 15. Bxe7 Ncxe7 16. Qxa7 Nc6 17. Qa8+ Nb8 18.
Nbxd4 Nxe5 19. Qa4 g5 $11 20. Rac1 h5 21. Nb5 Na6 22. Rxd8+ Rxd8 23. Qc2 Qxc2
24. Rxc2 Nxf3 25. Kxf3 Nb4 26. Rc3 c6 27. Na3 Nxa2 28. Rd3 Re8 29. Re3 Rd8 30.
Rd3 Re8 31. Rd1 Nb4 32. Nb1 g4+ 33. hxg4 hxg4+ 34. Kxg4 Rxe2 35. Rd2 Rxd2 36.
Nxd2 Nd3 37. f4 Nxb2 38. Kf5 Kd7 39. Kf6 Ke8 40. c5 Nd3 41. Ne4 Kf8 42. f5 Nb4
43. Ke5 Ke7 44. f6+ Kd7 45. Nd6 Nd3+ 46. Kd4 Nxc5 47. Nxf7 Ne6+ 48. Ke5 b5 49.
Nd6 b4 50. Nc4 Nf8 51. Kf5 c5 52. g4 Kc6 53. g5 Kd5 54. g6 Nxg6 55. Kxg6 Kxc4
56. f7 b3 57. f8=Q b2 58. Qf1+ Kb3 59. Qb5+ Ka2 60. Qa4+ Kb1 61. Kf5 Kc1 62.
Qc4+ Kd2 63. Qb3 1-0